000 00731nam a2200217 i 4500
001 188645
003 ES-MaACL
005 20250824081510.0
007 t|
008 190116s1968 sp ||||1| spa d
100 1 _aMiller, Arthur,
_d1915-2005
_981199
245 1 0 _aIncidente en Vichy /
_cArthur Miller ; [traduccion de Jorge Enjuto] ; con textos de Luiz F. Rebolledo y Jorge Enjuto.
260 _aBarcelona :
_bAymá,
_c1968.
300 _a128 p., 2 lám. ;
_c19 cm.
490 1 _aVoz imagen. Teatro ;
_v15
700 1 _aRebello, Luiz Francisco.
_995694
700 1 _aEnjuto Bernal, Jorge.
_947248
830 1 0 _aVoz imagen.
_pTeatro
_v15
_9193124
852 _aES-MaACL
_jP-295-Ter-13
999 _c188645
_d188645